| 000 | 01264nam a22003617a 4500 | ||
|---|---|---|---|
| 003 | CHAP | ||
| 005 | 20220329133836.0 | ||
| 008 | 971013s1978 r 00010 d | ||
| 010 | _a11665 | ||
| 011 | _a12637 | ||
| 035 | _a15857 | ||
| 040 | _cCHAP | ||
| 082 | 0 | 4 |
_a519.92 _bB69 |
| 100 | 0 | 0 |
_aBox, George E. P. _914854 |
| 245 | 1 |
_aStatistics for experimenters _b: An introduction to design, data analysis, and model building |
|
| 260 |
_aNew York : _bWiley, _c1978 |
||
| 300 | _a653 p. | ||
| 490 | _aWiley series in probability and mathematical statistics | ||
| 590 |
_aBATCH-UPD _b10 _c20130110 _lUCH01 _h1603 |
||
| 590 |
_aBATCH-UPD _b10 _c20130410 _lUCH01 _h0959 |
||
| 590 |
_aBATCH-UPD _b10 _c20130914 _lUCH01 _h0346 |
||
| 590 |
_aCONVERSION _b10 _c20130109 _lUCH01 _h1308 |
||
| 650 | 1 | 4 |
_aAnálisis de varianza. _95977 |
| 650 | 1 | 4 |
_aDiseños experimentales. _932735 |
| 650 | 1 | 4 |
_aEstadística. _938241 |
| 700 | 0 |
_aHunter, J. Stuart. _956941 |
|
| 700 | 0 |
_aHunter, William G. _956952 |
|
| 830 | 0 |
_aWiley series in probability and mathematical statistics _9121943 |
|
| 901 | _aBK | ||
| 942 | _cLIBRO | ||
| 949 |
_a519.92 B69 _bBC _cLIBRO _d33724000445367 _eLIBRO _fc.2 _h57302 _i15857 _si |
||
| 949 |
_a519.92 B69 _bBC _cLIBRO _d33724000445375 _eLIBRO _h57301 _i15857 _si |
||
| 999 |
_c11665 _d11665 |
||